Report of the Proceedings, [including the Rules and Regulations] of The British Catholic Association, at their General Annual Meeting, held at the Freemasons' Tavern, Great Queen Street, on the 10th & 11th of june, 1824

Enregistré dans:
Détails bibliographiques
Collectivité auteur: British Catholic Association (Auteur)
Format: Livre
Langue:anglais
Publié: Londres Ambrose Cuddon 1824
Édition:1a. ed
Sujets:
Tags: Ajouter un tag
Pas de tags, Soyez le premier à ajouter un tag!

MARC

LEADER 00000nam a2200000 a 4500
001 UCJ8213
003 CL-VaPUC
008 070124e18240000UK |||||||||||||||||eng|d
082 0 4 |a 282  |b BRI  |2 21 
110 2 |a British Catholic Association  |e author  |9 516947 
245 1 0 |a Report of the Proceedings, [including the Rules and Regulations] of The British Catholic Association, at their General Annual Meeting, held at the Freemasons' Tavern, Great Queen Street, on the 10th & 11th of june, 1824 
250 |a 1a. ed 
300 |a 40 p 
942 |c BK 
945 |d 20070124 00:00:00  |a rinostro 
260 |a Londres  |b Ambrose Cuddon  |c 1824 
500 |a Se encuentra empastado junto a otras obras en un volumen rotulado TRACTS, 280 CAT 
500 |a Lleva Ex libris de Don Eliodoro Bosque A., porteño cuya biblioteca fue vendida en martillo a comienzos de la década de 1970, subasta a la asistío UCV adjudicándose varios lotes 
600 0 7 |a BOSQUE A., ELIODORO  |2 CL-VaPUC  |9 516948 
650 7 |a CATOLICOS INGLESES  |2 CL-VaPUC  |9 512892 
650 7 |a EX LIBRIS  |2 CL-VaPUC  |9 505186 
650 7 |a BIBLIOTECAS PORTEÑAS  |2 CL-VaPUC  |9 512519 
583 |a last modification  |c 20070124 00:00:00  |k Rodrigo Vera 
999 |c 324001  |d 323999 
952 |0 0  |1 0  |4 0  |6 282_000000000000000_BRI_1824  |7 0  |8 X  |9 403887  |a FDOBUD  |b FDOBUD  |d 2019-11-22  |i 1074512  |o 282 BRI 1824  |p 1074512  |r 2019-11-22  |w 2019-11-22  |y BK_X  |k BUD